"The ebullient phoenix" : (Record no. 128363)
[ view plain ]
| 000 -LEADER | |
|---|---|
| fixed length control field | 01172cam a2200301 a 4500 |
| 001 - CONTROL NUMBER | |
| control field | 944271 |
| 003 - CONTROL NUMBER IDENTIFIER | |
| control field | ARRUPE |
| 005 - DATE AND TIME OF LATEST TRANSACTION | |
| control field | 20181012092739.0 |
| 008 - FIXED-LENGTH DATA ELEMENTS--GENERAL INFORMATION | |
| fixed length control field | 831129m19829999ea ab b 001 0 eng |
| 010 ## - LIBRARY OF CONGRESS CONTROL NUMBER | |
| LC control number | 83199905 |
| 040 ## - CATALOGING SOURCE | |
| Original cataloging agency | DLC |
| Transcribing agency | DLC |
| Modifying agency | DLC |
| 043 ## - GEOGRAPHIC AREA CODE | |
| Geographic area code | f-et--- |
| 050 00 - LIBRARY OF CONGRESS CALL NUMBER | |
| Classification number | BX1682.E8 |
| Item number | O54 1982 |
| 082 00 - DEWEY DECIMAL CLASSIFICATION NUMBER | |
| Classification number | 282/.63 |
| Edition number | 19 |
| 300 ## - PHYSICAL DESCRIPTION | |
| Other physical details | ill., map ; |
| Dimensions | 21 cm. |
| 100 1# - MAIN ENTRY--PERSONAL NAME | |
| Personal name | O'Mahoney, Kevin. |
| 9 (RLIN) | 38714 |
| 245 15 - TITLE STATEMENT | |
| Title | "The ebullient phoenix" : |
| Remainder of title | a history of the Vicariate of Abyssinia, 1839-1860 / |
| Statement of responsibility, etc | by Kevin O'Mahoney. |
| 260 ## - PUBLICATION, DISTRIBUTION, ETC. (IMPRINT) | |
| Place of publication, distribution, etc | Asmara : |
| Name of publisher, distributor, etc | Ethiopian Studies Centre, |
| Date of publication, distribution, etc | 1982-<1987> |
| 300 ## - PHYSICAL DESCRIPTION | |
| Extent | v. <1-2> : |
| 504 ## - BIBLIOGRAPHY, ETC. NOTE | |
| Bibliography, etc | Includes bibliographic references (v. 1, p. [232]-234) and index. |
| 505 1# - FORMATTED CONTENTS NOTE | |
| Formatted contents note | bk. 1. 1839-1860 -- bk. 2. 1860-1881. |
| 610 20 - SUBJECT ADDED ENTRY--CORPORATE NAME | |
| Corporate name or jurisdiction name as entry element | Catholic Church |
| Geographic subdivision | Ethiopia |
| General subdivision | History |
| 9 (RLIN) | 42864 |
| 710 2# - ADDED ENTRY--CORPORATE NAME | |
| Corporate name or jurisdiction name as entry element | Thomas Leiper Kane Collection (Library of Congress. Hebraic Section) |
| Institution to which field applies | DLC |
| 9 (RLIN) | 24290 |
| 906 ## - LOCAL DATA ELEMENT F, LDF (RLIN) | |
| a | 7 |
| b | cbc |
| c | orignew |
| d | 2 |
| e | ncip |
| f | 19 |
| g | y-gencatlg |
| 942 ## - ADDED ENTRY ELEMENTS (KOHA) | |
| Source of classification or shelving scheme | Library of Congress Classification |
| Koha item type | Monograph ( Printed materials) |
| Withdrawn status | Lost status | Source of classification or shelving scheme | Damaged status | Not for loan | Collection code | Home library | Current library | Shelving location | Date acquired | Total Checkouts | Full call number | Barcode | Date last seen | Date checked out | Copy number | Price effective from | Koha item type |
|---|---|---|---|---|---|---|---|---|---|---|---|---|---|---|---|---|---|
| Library of Congress Classification | Main Collection | ARRUPE LIBRARY | ARRUPE LIBRARY | Main Collection | 12/10/2018 | 2 | BX1682.E8 O54 1982 | 46600002917 | 18/02/2019 | 17/01/2019 | vol.1 | 12/10/2018 | Monograph ( Printed materials) | ||||
| Library of Congress Classification | Main Collection | ARRUPE LIBRARY | ARRUPE LIBRARY | Main Collection | 12/10/2018 | BX1682.E8 O54 1982 | 46600002918 | 26/10/2018 | vol. 2 | 12/10/2018 | Monograph ( Printed materials) |